000 00926am a2200313a 44500
003 AR-BaBNM
005 20251128211050.0
008 222020s1973 #AR|||||||||||000 | ing||
020 _a0-675-08965-4
040 _cAR-BaBNM
245 1 0 _aPsychological factors in the teaching of reading
260 _aOhio
_bCharles E. Merril
_c1973
300 _axiii, 425 p.
504 _aContiene referencias bibliográficas al final de cada capítulo
650 4 _aPSICOLOGIA DE LA EDUCACION
650 4 _aENSEÑANZA DE LA LECTURA
650 4 _aPROCESO DE APRENDIZAJE
650 4 _aPROGRAMAS DE EDUCACION
650 4 _aROL DEL DOCENTE
650 4 _aINICIACION EN LA LECTURA
650 4 _aTEORIAS DEL APRENDIZAJE
651 4 _aEstados Unidos
653 _aEDUCACION INICIAL
653 _aEDUCACION PRIMARIA
653 _aLECTOESCRITURA
700 1 _aEkwall, Eldon E.
_ecompilador
942 _cBK
998 _craquel
999 _c18081
_d18081